| 000 | 01246nam a22002655a 4500 | ||
|---|---|---|---|
| 003 | OSt | ||
| 005 | 20170301143355.0 | ||
| 008 | 170226s2010 ua frb 000 0 ara d | ||
| 015 | _a2010 / 17701 | ||
| 020 | _a9789770465293 | ||
| 040 |
_aEG-ScBUE _bara _cEG-ScBUE |
||
| 082 | 0 | 4 |
_222 _a340.92 _bم ص ر |
| 100 | 1 | _aمصري، حازم بيومي. | |
| 245 | 1 | 2 |
_aالآليات الحديثة في التجارة الدولية : _bعقود اليونسترال : دراسة تحليلية / _cحازم بيومي المصري. |
| 250 | _aط. مزيدة ومنقحة. | ||
| 260 |
_aالقاهرة : _bدار النهضة العربية، _c2010. |
||
| 300 |
_a190 ص. ؛ _c24 سم. |
||
| 500 | _aملاحق الكتاب : اتفاقية الأمم المتحدة بشأن عقود البيع الدولي للبضائع - قانون اليونسترال النموذجي للتحكيم التجاري الدولي. | ||
| 504 | _aيشتمل على إرجاعات ببليوجرافية. | ||
| 610 | 1 | 7 |
_2BUEsh _a الأمم المتحدة. _bلجنة القانون التجاري الدولي. |
| 650 | 7 |
_2BUEsh _aالعقود التجارية (قانون دولي) |
|
| 651 | _2BUEsh | ||
| 653 |
_bLLAAWW _cFebruary2017 |
||
| 942 | _2ddc | ||
| 999 |
_c24296 _d24268 |
||